| 000 | 00696nam a22002417a 4500 | ||
|---|---|---|---|
| 003 | OSt | ||
| 005 | 20250627124320.0 | ||
| 008 | 200227s1998 ck ||||er|||| 00| p spa d | ||
| 020 | _a9589180728 | ||
| 040 |
_aCO-JMCR _cCO-JMCR |
||
| 041 | 0 | _aspa | |
| 082 | 0 | 4 |
_aA-P _bGOMc |
| 100 | 1 |
_aGómez, Eduardo, _eautor _9956 |
|
| 245 | 1 | 4 |
_aLas claves secretas : _bpoemas / _cEduardo Gómez |
| 250 | _aPrimera edición | ||
| 260 |
_aBogotá : _bTrilce Editores, _c1998 |
||
| 300 |
_a99 páginas ; _c21 cm. |
||
| 500 | _aIncluye datos biográficos del autor en solapa. | ||
| 650 | 1 | 4 |
_aPoesía colombiana _9957 |
| 650 | 1 | 4 |
_aMuerte _xpoesía _9958 |
| 650 | 1 | 4 |
_aSoledad _xpoesía _9959 |
| 942 |
_2ddc _cBK |
||
| 999 |
_c6605 _d6605 |
||